00674nam a2200241 a 4500001001300000003000900013005001700022008004100039020001000080082001400090100001900104245005300123260004700176300000800223500003500231505001000266650001600276700001900292902000800311942000700319952009300326999001300419nice12345678IN_TiNIC20260116011318.0050524s1920 mada grp 000 0 eng  ac10000a239bGAR1 aGardner, W R W aChristianity and Muhammadanism, and Other Tracts aMadrasbChristian Literature Societyc1920 a66p aincludes index and biblioraphy2 aIndex aApologetics1 aGardner, W R W bSRS cBK 00104070aHMIbHMId2007-06-21g100.00l0o239 GAR1p1349r2007-06-21w2026-01-16yEB c415d415